000 01068nam0a22002771 4500
001 rc\3201595
005 20250530094551.0
035 _a(NLR Aleph) 007346104
090 _a6160081
_c6160081
100 _a20120628d1976 |||y0rusy50 ca
101 0 _arus
102 _aRU
105 _ay b |||||
200 1 _aРубрикатор информационно-поисковый по медицине и здравоохранению
_fПод ред. к. м. н. Ю.А. Шилиниса
_gМ-во здрав. СССР. ВНИИ мед. и медико-техн. информации
210 _aМосква
_cБ. и.
_d1976
215 _a132 с.
_d21
300 _aПеред загл. авт.: Дубынина Е.И., Андрюкова С.Г., Белкина Э.А. [и др.]
701 1 _aДубынин
_bЕ.И.
701 1 _aАндрюкова
_bС.Г.
701 1 _aБелкина
_bЭ.А.
702 1 _aШилинис
_bЮ.А.
_4340
801 0 _aRU
_bNLR
_gpsbo
801 1 _aRU
_bELAR
_2rusmarc
852 _aNLR
_jС251-190/Р82
942 _cBOOK
980 _aNB